000 00413nam a2200145Ia 4500
008 100122s9999 xx 000 0 und d
082 _b18081
_a823.08
100 _aराजाध्यक्ष विजया
245 _aविदेही
260 _bमौज प्रकाशन गृह
_c1905
300 _a166
630 _aविदेही
730 _aविदेही
942 _cBOOK
999 _c407601
_d407598